Cultural anthropology : a christian perspective / Stephen A. Grunlan , Marvin K. Mayers (Registro nro. 43853)
[ vista simple ]
| 000 -LÍDER | |
|---|---|
| Campo fijo de descripción fija | 012670000a22002290004500 |
| 020 ## - NÚMERO INTERNACIONAL NORMALIZADO PARA LIBROS | |
| Número Internacional Normalizado del libro | 0-310-36381-0 / Donación. |
| 041 0# - CÓDIGO DE IDIOMA | |
| Código de idioma para texto/pista de sonido o título separado | |
| 082 04 - NÚMERO DE CLASIFICACIÓN DECIMAL DEWEY | |
| Número de clasificación | G 266 G8916c |
| 001 - NÚMERO DE CONTROL | |
| Campo de control | 17188 |
| 100 1# - ASIENTO PRINCIPAL--NOMBRE PERSONAL | |
| Nombre personal | Grunlan, Stephen A. |
| 245 10 - TÍTULO | |
| Título del Material | Cultural anthropology : a christian perspective / Stephen A. Grunlan , Marvin K. Mayers |
| 250 ## - MENCIÓN DE EDICIÓN | |
| Mención de edición | 2 |
| 260 ## - PUBLICACIÓN, DISTRIBUCIÓN, ETC. (PIE DE IMPRENTA) | |
| Lugar de publicación, distribución, etc. | Grand Rapids, Michigan : Academie Books , Zondervan Publishing House |
| 300 ## - DESCRIPCIÓN FÍSICA | |
| Extensión | 303 p. |
| 336 ## - CONTENT TYPE | |
| Content type term | texto |
| Content type code | txt |
| Source | rdacontent |
| 337 ## - MEDIA TYPE | |
| Source | rdamedia |
| Media type term | sin mediación |
| Media type code | n |
| 338 ## - CARRIER TYPE | |
| Source | rdacarrier |
| Carrier type term | volumen |
| Carrier type code | nc |
| 505 00 - NOTA DE CONTENIDO | |
| Nota de contenido con formato preestablecido | Antropología y misiones -- humanidad, cultura, y sociedad -- la inculturación y la aculturación -- comunicación verbal y no verbal -- la economía y la tecnología -- el rol, el estatus, y la estratificación-- el matrimonio y la familia -- el parentesco -- grupos y comunidades -- el control social y el gobierno -- la religión -- la investigación antropológica -- la autoridad bíblica y la relatividad cultural -- la antropología y la teología |
| 650 14 - ASIENTO SECUNDARIO DE MATERIA - TERMINO TEMÁTICO | |
| Término temático o nombre geográfico como elemento de entrada | ANTROPOLOGIA CULTURAL \ MISIONOLOGIA |
| 942 ## - TIPO DE MATERIAL (KOHA) | |
| Tipo de Item KOHA | Libros General |
| Estado de Material | Estado de Perdido | Estado de Dañado | No para Préstamo | Colección | Tomo | Biblioteca de Origen | Biblioteca Permanente | Fecha de Adquisición | Total de Préstamos | Signatura Topográfica | Código de Barras | Última vez visto | Ejemplar/Existencia | Fecha de Remplazo | Tipo de Material |
|---|---|---|---|---|---|---|---|---|---|---|---|---|---|---|---|
| Colección General | Biblioteca FUSBC | Biblioteca FUSBC | 11/07/2011 | G 266 G8916c | 17272 | 12/12/2019 | 2016-12-02 | 26/01/2016 | Libros General |
